000 00704nam a2200241Ia 4500
005 20260429111953.0
008 260429s9999||||xx |||||||||||||| ||und||
020 _a9789819801121
041 _aEnglish
082 _a338.10973
_bZIL
100 _aZilberman, David
245 0 _aAgricultural economics and policy /
_cDavid Zilberman
260 _aSingapore :
_bWorld Scientific Publishing,
_c2025.
300 _axxix, 459 p.; pbk
440 _aWorld scientific lecture notes in economics and policy; v.26
650 _a Agriculture
650 _a Production economics
650 _a United states
650 _aEconomics
700 _a Miao, Ruiqing
700 _a Rong, Jian
942 _cTB
999 _c51679
_d51679